Countries with the biggest cat populations - Statistics

General Stats
  • This quiz has been taken 51 times
  • The average score is 15 of 20
Answer Stats
Cat population Country % Correct
53.1M China
96%
74.0M United States
96%
8.0M United Kingdom
90%
17.8M Russia
88%
12.4M Brazil
84%
11.4M France
84%
7.3M Japan
84%
8.2M Germany
82%
2.2M Australia
80%
7.4M Italy
80%
3.3M Spain
80%
2.8M Netherlands
76%
1.8M Belgium
74%
5.5M Poland
74%
3.0M Argentina
68%
7.3M Ukraine
66%
3.8M Romania
60%
1.7M Czechia
50%
2.0M South Africa
44%
2.4M Hungary
42%
No matching quizzes found
Score Distribution
Percent of People with Each Score
Percentile by Number Answered
Your Score History
You have not taken this quiz